Quizzes
Events
Quiz Creation
Community
Videos
Private Events
Remove Ads
Sign In
Join for FREE
Feedback
Dark Mode
Quiz Categories
Sports
Geography
Music
Movies
Television
Just For Fun
Miscellaneous
History
Literature
Language
Science
Gaming
Entertainment
Religion
Holiday
For Kids
Quiz Lab
Recent
Popular Today
Quiz Kudos Today
Editor Picks
Curator Picks
Quizzes by...
Day
Popularity
Type
Ratings
Length
Year
Community
Subscriptions
Recent Discussions
Orange Saloon
Badges
Playlists
Quests
Create
Leaderboards
Showdown
Live 5
Trivia Bingo
Activity
Puzzle Library
Sporcle Events
Private Events
Virtual Trivia
Globe League
Become a Host
Pub Owners
SporcleCon
Opinionation
Our Games
Videos
Blog
Mobile Apps
Partnerships
Remove Ads and Go Orange
Feedback
Sports
Athletes
MLB
NBA
NHL
NFL
Soccer
Sports Teams
WWE
NCAA
Football
Premier League
Basketball
Baseball
Hockey
Golf
Tennis
Cricket
Rugby
Auto Racing
Olympics
World Cup
Sports
Athletes
MLB
NBA
NHL
NFL
Soccer
Sports Teams
WWE
NCAA
Football
Premier League
Basketball
Baseball
Hockey
Golf
Tennis
Cricket
Rugby
Auto Racing
Olympics
World Cup
Random Quiz
Search Sporcle
×
Quiz Lab
Quiz Lab
Sports
Football
Type in answers that appear in a list
Type in answers that appear in a list
Classic
Best Score? Go Orange.
Top Icelandic football players Stats
Can you name the Top Icelandic football players (Full Names)
By
Hafsteinn17
10m
45 Questions
21 Plays
21 Plays
21 Plays
Comments
Comments
Give Quiz Kudos
Give Quiz Kudos
-
- Ratings
hide this ad
Replay
Link that replays current quiz
Next Quiz
Link to next quiz in quiz playlist
You Got
0%
They Got
Avg Score
55%
Avg Friend Score
Upgrade to see
Score Distribution
Jump to the score distribution portion of the page
Score
0/45
Timer
10:00
0
Plays Today
Hint
Answer
% Correct
Goalkeeper Sandnes Ulf (Norway)
Hannes Þór Halldórsson
100%
Goalkeeper Breiðablik (Iceland)
Gunnleifur Gunnleifsson
95.2%
Goalkeeper Randers (Denmark)
Ögmundur Kristinsson
85.7%
Defender Rotherham United (England)
Kári Árnason
85.7%
Defender OB (Denmark)
Ari Freyr Skúlason
85.7%
Defender Cesena (Italy)
Hörður Björgvin Magnússon
85.7%
Midfielder Cardiff (England)
Aron Einar Gunnarsson
85.7%
Midfielder Hellas Verona (Italy)
Emil Hallfreðsson
85.7%
Midfielder Charlton (England)
Jóhann Berg Guðmundsson
85.7%
Goalkeeper Start (Norway)
Ingvar Jónsson
81%
Defender Krasnodar (Russia)
Ragnar Sigurðsson
81%
Forward Real Sociedad (Spain)
Alfreð Finnbogason
81%
Forward Jiangsu Sainty (China)
Viðar Örn Kjartansson
81%
Defender Hammarby (Sweden)
Birkir Már Sævarsson
76.2%
Midfielder Swansea City (England)
Gylfi Þór Sigurðsson
76.2%
Forward Ajax (Netherlands)
Kolbeinn Sigþórsson
76.2%
Midfielder Pescara (Italy)
Birkir Bjarnason
71.4%
Forward Celtic (Scotland) (Brondby,Norway)
Hólmbert Aron Friðjónsson
66.7%
Midfielder FC Copenhagen (Denmark)
Rúrik Gíslason
61.9%
Defender Rosenborg (Norway)
Hólmar Örn Eyjólfsson
61.9%
Defender Breiðablik (Iceland)
Kristinn Jónsson
61.9%
Midfielder Zulte Waregem (Belgium)
Ólafur Ingi Skúlason
61.9%
Forward Viking (Norway)
Jón Daði Böðvarsson
61.9%
Hint
Answer
% Correct
Defender Ural Sverdlovsk Oblast (Russia)
Sölvi Geir Ottesen
57.1%
Midfielder Viking (Norway)
Björn Daníel Sverrisson
52.4%
Midfielder GIF Sundsvall (Sweden)
Rúnar Már Sigurjónsson
47.6%
Midfielder Helsingborg (Sweden)
Guðlaugur Victor Pálsson
42.9%
Midfielder Columbus Crew (USA)
Kristinn Steindórsson
42.9%
Forward Start (Norway)
Matthías Vilhjálmsson
42.9%
Forward Keflavík (Iceland)
Elías Már Ómarsson
42.9%
Defender GIF Sundsvall (Sweden)
Jón Guðni Fjóluson
38.1%
Defender Viking (Norway)
Sverrir Ingi Ingason
38.1%
Midfielder Stjarnan (Iceland)
Ólafur Karl Finsen
38.1%
Defender OB (Denmark)
Hallgrímur Jónasson
33.3%
Defender AIK (Sweden)
Haukur Heiðar Hauksson
33.3%
Midfielder Nordsjælland (Denmark)
Guðmundur Þórarinsson
33.3%
Forward Nordsjælland (Denmark)
Guðjón Baldvinsson
33.3%
Defender Randers (Denmark)
Theódór Elmar Bjarnason
23.8%
Midfielder FH (Iceland)
Þórarinn Ingi Valdimarsson
23.8%
Forward Stjarnan (Iceland)
Halldór Orri Björnsson
23.8%
Forward NEC (Netherlands)
Kristján Gauti Emilsson
23.8%
Defender Sogndal (Norway)
Hjörtur Logi Valgarðsson
19%
Defender Stjarnan (Iceland)
Hörður Árnason
14.3%
Defender Vestsjælland (Denmark)
Eggert Jónsson
9.5%
Midfielder AGF (Denmark)
Helgi Valur Daníelsson
9.5%
Quiz Playlist
Details
Report
Send in Message
Add To Playlist
Classic:
Type in answers that appear in a list
Last Updated: Feb 16, 2017
Quiz Scoreboard
CHALLENGE
Sign Up to Join the Scoreboard
Show All
Scores
Hide
Comments
May contain spoilers
Recently Published
9x9 Crossword: Cartoon Network
by jackfrog10
Miscellaneous
3m
College Basketball Coaching Resumes
by pancakes188
Sports
9m
Billboard Blitz: Fleetwood Mac
by CooCooCachoo
Music
15s
More to Explore
Quiz From the Vault
Featured Blog Post
Where Did the Easter Bunny Come From?
hide this ad
You Might Also Like...
Tags
Football Quiz
icelandic
Player
Today's Top Quizzes in Sports
Browse Sports
hide this ad
Today's Top Quizzes in Football
Browse Football
Top Contributed Quizzes in Sports
1
2022 World Cup Stars
2
Les meilleurs buteurs des matchs entre le PSG et l’OM
3
FIFA Club World Cup Champions
4
Les entraîneurs de l'OM et du PSG au 21e siècle
5
Criteria MLB: Left Handed Sluggers
6
AFC Teams Reveal (Wrong Answers Minefield)
7
2023 MLB Unique Player Accomplishments
8
5-to-1: FBS Animal Nicknames
9
Players with Multiple 50 Home Run Seasons
10
5-to-1: UK Sports Teams
Explore More
Trending Topics
Kpop
Harry Potter
Disney
Crossword
NBA
Anime
Marvel
WWE
The Office
Country
Soccer
Song
NFL
Puzzle
Pokémon
hide this ad
More By:
Hafsteinn17
Quiz
Plays
Rating
Category
Featured
Created
Iceland soccer teams
100
Sports
Feb 5, 2013
Top Icelandic football players
21
Sports
Jan 24, 2015
Heimavellir liða í efstu deild á Íslandi
11
Sports
Feb 14, 2013
Leikmenn mfl Þórs
6
Sports
Feb 5, 2013
Go to Creator's Profile
Score Distribution
Quiz Creator Spotlight
Hafsteinn17
Follow
Send a Message
Quizzes Created
-
Created Quiz Play Count
-
More By This Creator
Popular Quizzes Today
1
Find the US States - No Outlines Minefield
2
Find the Countries of Europe - No Outlines Minefield
3
The Countries of the World
4
Find the US States
5
Risky Map Clicking: Biggest States A-Z
6
US States
7
Popular People in 1961
8
Movies - When Are They Set?
More Sports Quizzes
The Dressing Room of Legends
Quiz Lab
Trending Quizzes
Risky Map Clicking: Least Populous States A-Z
1-10 Letter G Words
1-10 Letter F Words
Risky Map Clicking: Next State Alphabetically
Adjectives in 80s TV Shows
Recently Updated
Leaping Animals
pecheneg
Reality TV Shows (A-Z)
bhenderson79
Rickey Henderson's Hall of Fame Teammates
pecheneg
Champions League XIs: Arsenal
pecheneg
Quick Pick: Celebrities in WWE's Hall of Fame
aduchscher
A-Z Keypad Blitz II
pecheneg
Multiple Oscar Actors
pecheneg
Mystery Phrase Blitz: Oscar 'Best Actors'
pecheneg
F. Scott Fitzgerald Novels
LTH
Pick 3 Villains
ddd62291
Trending Topics
Anime
Kpop
Harry Potter
Disney
Crossword
Marvel
NBA
Puzzle
Pokémon
Country
Song
NFL
The Office
Soccer
WWE
Your Account Isn't Verified!
In order to create a playlist on Sporcle, you need to verify the email address you used during registration. Go to your
Sporcle Settings
to finish the process.
Report this User
Report this user for behavior that violates our
Community Guidelines
.
Details:
Send Report
Go to the Sporcle.com Mobile Site →
Comments